000 00317nam a2200121 a 4500
001 000046013
005 20201002052600.0
008 150611s1970 000 spa d
040 _aDO-SdBNP
_bspa
_cBNPHU
245 3 _aUn dia de Ivan Denisovich.
260 _a[s.l.], :
_b[s. n.],
_c1970.
300 _a174 p. : ;
_c19 cm.
999 _c45502
_d45502